| 000 | 00000nam 2200000za 4500 |
| 001 | 9.605984 |
| 003 | CaOODSP |
| 005 | 20210624212408 |
| 007 | cr ||||||||||| |
| 008 | 150406|1991||||xxc|||||o f|0| 0 fre d |
| 040 | |aCaOODSP|bfre |
| 043 | |an-cn--- |
| 086 | 1 |aH42-2/38-1991F-PDF |
| 245 | 00|aPréparation d'une présentation de drogue nouvelle à l'usage humain |h[ressource électronique] |
| 246 | 3 |aPréparation d'une présentation de drogue nouvelle à l'usage humain. Supplément |
| 260 | |aOttawa - Ontario : |bSanté Canada. |cc1991, c1998. |
| 300 | |a77p.|btableaux |
| 490 | 1 |aDirectives du Programme des produits thérapeutiques |
| 500 | |aInclus: Préparation d'une présentation de drogue nouvelle à l'usage humain. Supplément (1992, c1998), p.37-77 de 77. Les numéros de catalogue (H42-2/38-1990-IN et H42-2-38-1998F) imprimés dans cette édition PDF sont incorrects. |
| 590 | |a13-18-Supp|b2013-08-01 |
| 691 | 07|aIndustrie pharmaceutique|2gcpds |
| 691 | 07|aMédicament|2gcpds |
| 710 | 1 |aCanada.|bSanté Canada. |bProgramme des produits thérapeutiques. |
| 775 | 08|tPreparation of human new drug submissions |w(CaOODSP)9.577151 |
| 776 | 0#|tPréparation d'une présentation de drogue nouvelle à usage humain |w(CaOODSP)9.518211 |
| 776 | 0#|tPreparation of human new drug submissions |w(CaOODSP)9.518210 |
| 830 | #0|aDirectives du Programme des produits thérapeutiques.|w(CaOODSP)9.503945 |
| 856 | 40|ahttp://publications.gc.ca|qPDF|s279 Ko|uhttps://publications.gc.ca/collections/collection_2013/sc-hc/H42-2-38-1991-fra.pdf |